000 00747nam a2200229Ii 4500
003 JO-AjNU
008 230605s9999||||xx |||||||||||||| ||und||
017 _a86/3837
020 _a977-10-0176-0
040 _aJO-AjNU
_bara
_erda
_cJO-AjNU
041 _aara
050 1 4 _ak3265.H376.1985
100 3 _aهاشم ، محمود محمد ,
_eauthor
_97664
245 0 0 _aالمنع من السفر في غير المواد الجنائية
250 _a(د،ط)
264 3 1 _aالقاهرة : دار الفكر العربي ، 1985
300 _a121ص
336 _atext
_btxt
_2rdacontent
337 _aunmediated
_bn
_2rdamedia
338 _avolume
_bnc
_2rdacarrier
650 4 _aالقانون - مصر -- قانون المرافعات
_97665
999 _aA395
_c3963
_d3963